00398nam a22001337a 45000050016000000200025000160820006000411000017000472450049000642600031001132700065001443000032002094900023002412012011809409.0 a9788128622267c75.00 aS aBlyton, Enid aNoddy get well soon, Mr Plodcby Enid Blyton aMumbai:bEuro Books,c2009 a158, Vidyanagari Marg, Kalina, Santacruz (E)bMumbaie400098 a26 p.bill(col)c26cm (Pbk) aLarge print reader